000 00958nam a22002057a 4500
003 OSt
005 20160620105534.0
008 150407b2012 slv spa
040 _cBMC
082 _a302.23
100 1 _934293
_aGarcilazo García, Paola Liciany
245 1 0 _aPasantía en Secretaría de Cultura de la Presidencia, área de multimedia
_b: Informe final
_cJorge Guillermo Estrada Guardado
260 _aSanta Ana (El Salvador)
_bUniversidad Católica de El Salvador
_c[2012]
300 _a1 folleto (31 h.)
_bil. col.
_c28 cm
_e+ 1 disco compacto
500 _aPrecede al tít.: Universidad Católica de El Salvador, Facultad de Ciencias y Humanidades
502 _aTrabajo de graduación para optar al grado académico de Licenciatura en Periodismo y Comunicación Audiovisual
650 2 4 _92646
_aMedios de comunicación social
710 2 _91075
_aUniversidad Católica de El Salvador
_bFacultad de Ciencias y Humanidades
942 _2ddc
_cTG
999 _c20848
_d20848